000 00611nam a22002297a 4500
003 UA-OsUOA
001 98334
007 ta
008 20130415b un ||||| |||| 00| 0 ukr d
100 _aРазгон Л.
090 _a821.161.1
_bР17
942 _cBK
040 _aUA-OsUOA
_brus
_cUA-OsUOA
_dUA-OsUOA
245 _aСемь жизней
_bрассказы
300 _a205 с.
955 _a4
041 _arus
080 _a821.161.1
260 _aМ.
_bДетская литература
_c1992
650 7 _a82 Література. Літературознавство
_2UDC
999 _c384862
_d384862